Top 10 largest African Countries - Statistics

General Stats
  • This quiz has been taken 25 times
  • The average score is 9 of 10
Answer Stats
Hint Answer % Correct
#1 Algeria
96%
#6 Niger
96%
#9 South Africa
96%
#3 Sudan
96%
#5 Chad
91%
#2 Democratic Republic of the Congo
91%
#4 Libya
91%
#7 Angola
87%
#10 Ethiopia
87%
#8 Mali
87%
No matching quizzes found
Score Distribution
Percent of People with Each Score
Percentile by Number Answered
Your Score History
You have not taken this quiz